| 000 | 00756nam a2200241 a 4500 | ||
|---|---|---|---|
| 001 | BRCA_5387 | ||
| 005 | 20190320205045.0 | ||
| 008 | 091210s1984----enka#####c---#000-0#eng-# | ||
| 020 | _a0905879775 | ||
| 041 | _aeng | ||
| 044 | _aenk | ||
| 050 | 4 |
_aNK1065 _b.M55 1984 |
|
| 245 | 1 | 0 |
_aMiller´s Antiques Price Guide 1984 _b(Volume V) _ccompiled and edited by Martin and Judith Miller. |
| 260 |
_aGran Bretaña _bM.J.M. Publications _c1984 |
||
| 300 |
_a763 p. _bil. _c28 cm. |
||
| 500 | _aIncluye índice alfabético | ||
| 500 | _aDonación Dr. Héctor Rivero Borrell Vázquez | ||
| 650 | 1 | 4 |
_aAntigüedades _xCatálogos _913780 |
| 700 | 1 |
_aMiller, Martin _eEditor _913781 |
|
| 700 | 1 |
_aMiller, Judith _eEditora _913782 |
|
| 902 | _aDHR | ||
| 942 |
_2lcc _cB |
||
| 999 |
_c5081 _d5081 |
||